000 00325nam a2200121Ia 4500
008 190722s9999 xx 000 0 und d
020 _a978-93-325-5958-5
100 _aLewis, Yang
245 0 _aBasic Control Systems Engineering
260 _aNew Delhi
_bPearson (Indian Education) Pvt. Ltd.
_c2016
300 _a450
942 _cBK
999 _c285
_d285